000 00474cam a22002051 4500
001 sa 68005576
003 DLC
005 20260227112509.0
008 881029s1967 xx 000 0 beno
010 _asa 68005576
035 _a(OCoLC)23580506
040 _aDLC
_cMiU
_dDLC
042 _apremarc
050 0 0 _aPK1730.29.O6
_bP3
100 2 _aMoqbul Ahmed, A. K.
245 1 0 _aPathe bipathe.
260 _c[1967]
300 _a134 p.
_c22 cm.
500 _aRomanized.
999 _c80783
_d80783